000 01695cam a22004934i 4500
003 PE-LiUPU
005 20250731173110.0
008 181213s2018 miu rb 000 0 eng d
020 _a9780825444593
020 _a0825444594
035 _a(Sirsi) a251057
040 _aPE-LiUPU
_bspa
_cPE-LiUPU
_erda
049 _aPRUA
082 0 4 _a224.9
_bS47
_220
100 1 _aShepherd, Michael B.,
_d1977-,
_eautor.
245 1 2 _aA commentary on the book of the twelve :
_bthe minor prophets /
_cMichael B. Shepherd.
264 1 _aGrand Rapids. MI :
_bKregel Publications,
_c2018.
300 _a523 páginas ;
_c24 centímetros.
336 _atext
_2rdacontent
337 _aunmediated
_2rdamedia
338 _avolume
_2rdacarrier
490 0 _aKregel exegetical library
504 _aBibliografía : páginas 513-523.
505 0 _aIntroduction -- Hosea -- Joel -- Amos -- Obadiah -- Jonah -- Micah -- Nahum -- Habakkuk -- Zephaniah -- Haggai -- Zechariah -- Malachi.
526 _aSEG42
526 _aSEG41
526 _aSEG40
526 _aSEG39
526 _aP94
526 _aP87
526 _aP86
526 _aP85
526 _aP77
526 _aP76
526 _aP35
650 0 4 _aBiblia.
_pProfetas menores
_vComentarios
910 _adbm
_bncf
_cncf
_d20181213
942 _2ddc
_cBOOK
994 _aC0
_bPEPRU
598 _aCATALOGING
596 _a1
999 _a224.9 S47
_wLC
_c30508
_i79517
_d30508
_e2019-10-3
_f2021-11-9
_g4
_lCCODEBUL1
_mBUL
_n1
_p19.49
_q5
_r0
_sY
_tBOOK
_u2018-12-13
_xTEOLOGIA
_PP85
_0COMPRA
_1FCOMPR2
_o.STAFF. Colección Teologia
980 _81
_gALBERTO SANCHEZ Responsable de Automatización